MARC details
| 000 -LEADER |
| fixed length control field |
03971nam a2200433 a 4500 |
| 003 - CONTROL NUMBER IDENTIFIER |
| control field |
WSP |
| 005 - DATE AND TIME OF LATEST TRANSACTION |
| control field |
20260416153412.0 |
| 008 - FIXED-LENGTH DATA ELEMENTS--GENERAL INFORMATION |
| fixed length control field |
230323s2023 si o 000 0 eng d |
| 020 ## - INTERNATIONAL STANDARD BOOK NUMBER |
| International Standard Book Number |
9789811272158 |
| -- |
(ebook) |
| 020 ## - INTERNATIONAL STANDARD BOOK NUMBER |
| International Standard Book Number |
9811272158 |
| -- |
(ebook) |
| 020 ## - INTERNATIONAL STANDARD BOOK NUMBER |
| Cancelled/invalid ISBN |
9789811272141 |
| -- |
(hbk.) |
| 020 ## - INTERNATIONAL STANDARD BOOK NUMBER |
| Cancelled/invalid ISBN |
981127214X |
| -- |
(hbk.) |
| 072 #7 - SUBJECT CATEGORY CODE |
| Subject category code |
SCI |
| Subject category code subdivision |
040000 |
| Source |
bisacsh |
| 072 #7 - SUBJECT CATEGORY CODE |
| Subject category code |
SCI |
| Subject category code subdivision |
077000 |
| Source |
bisacsh |
| 082 04 - DEWEY DECIMAL CLASSIFICATION NUMBER |
| Classification number |
530.144 |
| 049 ## - LOCAL HOLDINGS (OCLC) |
| Holding library |
MAIN |
| 245 00 - TITLE STATEMENT |
| Title |
Density functionals for many-particle systems : |
| Remainder of title |
mathematical theory and physical applications of effective equations / |
| Statement of responsibility, etc |
Berthold-Georg Englert, Heinz Siedentop, Martin-Isbjörn Trappe. |
| 260 ## - PUBLICATION, DISTRIBUTION, ETC. (IMPRINT) |
| Place of publication, distribution, etc |
Singapore : |
| Name of publisher, distributor, etc |
World Scientific, |
| Date of publication, distribution, etc |
2023. |
| 300 ## - PHYSICAL DESCRIPTION |
| Extent |
1 online resource (396 p.). |
| 505 0# - FORMATTED CONTENTS NOTE |
| Contents |
Mathematical elements of density functional theory / Heinz Siedentop -- A statistical theory of heavy atoms: energy and excess charge / Hongshuo Chen, Rupert L Frank, and Heinz Siedentop -- Relativistic strong Scott conjecture: a short proof / Rupert L Frank, Konstantin Merz, and Heinz Siedentop -- Direct methods to Lieb-Thirring kinetic inequalities / Phan Thành Nam -- Dynamics of interacting bosons: a compact review / Marcin Napiórkowski -- Corrections to the mean-field description for the dynamics of Bose gases / Peter Pickl -- Semiclassics: the hidden theory behind the success of DFT / Pavel Okun and Kieron Burke -- Density-potential functional theory for fermions in one dimension / Martin-Isbjörn Trappe, Jun Hao Hue, and Berthold-George Englert -- Remarks on the density functional theory of relativistic many-particle systems / Reiner M Dreizler -- Energy functionals of single-particle densities: a unifled view / Berthold-Georg Englert, Jun Hao Hue, Zi Chao Huang, Mikołaj M Paraniak, and Martin-Isbjörn Trappe -- Spin-density functional theory through spin-free wave functions / Mel Levy, Federico Zahariev, and Mark S Gordon -- Advances in rectangular collocation for solution of the Schrödinger equation: from obviating integrals to machine learning / Sergei Manzhos and Tucker Carrington -- FLEIM: a stable, accurate and robust extrapolation method at infinity for computing the ground state of electronic Hamiltonian / Étienne Polack, Yvon Maday, and Andreas Savin. |
| 520 ## - SUMMARY, ETC. |
| Summary, etc |
"Density Functional Theory (DFT) first established it's theoretical footing in the 1960s from the framework of Hohenberg-Kohn theorems. DFT has since seen much development in evaluation techniques as well as application in solving problems in Physics, Mathematics and Chemistry. This review volume, part of the IMS Lecture Notes Series, is a collection of contributions from the September 2019 Workshop on the topic, held in the Institute for Mathematical Sciences, National University of Singapore. With contributions from prominent Mathematicians, Physicists, and Chemists, the volume is a blend of comprehensive review articles on the Mathematical and the Physicochemical aspects of DFT and shorter contributions on particular themes, including numerical implementations. The book will be a useful reference for advanced undergraduate and postgraduate students as well as researchers."-- |
| 650 #0 - SUBJECT ADDED ENTRY--TOPICAL TERM |
| Topical term or geographic name as entry element |
Density functionals. |
| 650 #0 - SUBJECT ADDED ENTRY--TOPICAL TERM |
| Topical term or geographic name as entry element |
Many-body problem. |
| 700 1# - ADDED ENTRY--PERSONAL NAME |
| Personal name |
Englert, Berthold-Georg, |
| 700 1# - ADDED ENTRY--PERSONAL NAME |
| Personal name |
Siedentop, Heinz Karl Heinrich. |
| 700 1# - ADDED ENTRY--PERSONAL NAME |
| Personal name |
Trappe, Martin-isbjorn. |
| 856 40 - ELECTRONIC LOCATION AND ACCESS |
| Uniform Resource Identifier |
<a href="https://www.worldscientific.com/worldscibooks/10.1142/13303#t=toc">https://www.worldscientific.com/worldscibooks/10.1142/13303#t=toc</a> |
| 942 ## - ADDED ENTRY ELEMENTS (KOHA) |
| Koha item type |
Electronic Books |
| 490 1# - SERIES STATEMENT |
| Series statement |
Lecture Notes Series, Institute For Mathematical Sciences, National University Of Singapore ; |
| Volume number/sequential designation |
v.41 |
| 520 ## - SUMMARY, ETC. |
| -- |
Publisher's website. |
| 538 ## - SYSTEM DETAILS NOTE |
| System details note |
Mode of access: World Wide Web. |
| 538 ## - SYSTEM DETAILS NOTE |
| System details note |
System requirements: Adobe Acrobat reader. |
| 655 #0 - INDEX TERM--GENRE/FORM |
| Genre/form data or focus term |
Electronic books. |
| 700 1# - ADDED ENTRY--PERSONAL NAME |
| Dates associated with a name |
1953- |
| 830 #0 - SERIES ADDED ENTRY--UNIFORM TITLE |
| Uniform title |
Lecture Notes Series, Institute For Mathematical Sciences, National University Of Singapore. |